00469 2200181 4500001002100000008004100021035002000062245004300082100002000125110002100145260003200166300001200198020001600210084001400226082000800240650002000248990001900268INLIS000000000001274 ind  a0010-0724001274 aMengenal Sistem IndracNina Surtiretna aNina Surtiretna aSurtiretna, Nina aBandungbWahana Iptekc2008 a60 hlm. a602813404-8 a611 NIN m a611 aAnatomi Manusia aP29/CP/24/1274